<?xml version="1.0" encoding="UTF-8"?>
<collection xmlns="http://www.loc.gov/MARC21/slim">
 <record>
  <leader>00515pamaa2200169   4500</leader>
  <controlfield tag="001">0000022913</controlfield>
  <controlfield tag="005">20091006090000.0</controlfield>
  <datafield tag="020" ind1="0" ind2="0">
   <subfield code="a">0201589907 (hbk) </subfield>
  </datafield>
  <datafield tag="082" ind1=" " ind2=" ">
   <subfield code="a">519.5 TRI</subfield>
  </datafield>
  <datafield tag="090" ind1="0" ind2="0">
   <subfield code="a">HF1017 </subfield>
   <subfield code="b">TRI 1994</subfield>
  </datafield>
  <datafield tag="100" ind1="1" ind2="0">
   <subfield code="a">Triola </subfield>
  </datafield>
  <datafield tag="245" ind1="1" ind2="0">
   <subfield code="a">Business statistics : </subfield>
   <subfield code="b">understanding populations and processes  </subfield>
   <subfield code="c">Mario F. Triola and LeRoy A. Franklin.</subfield>
  </datafield>
  <datafield tag="260" ind1="0" ind2="0">
   <subfield code="a">Massachusetts: </subfield>
   <subfield code="b">Addison-Wesley, </subfield>
   <subfield code="c">1994.</subfield>
  </datafield>
  <datafield tag="300" ind1=" " ind2=" ">
   <subfield code="a">xx, 823p.: </subfield>
   <subfield code="b">26cm.</subfield>
  </datafield>
  <datafield tag="650" ind1="0" ind2="0">
   <subfield code="a">Statistics </subfield>
  </datafield>
  <datafield tag="650" ind1="0" ind2="0">
   <subfield code="a">Commercial statistics </subfield>
  </datafield>
  <datafield tag="700" ind1="1" ind2="1">
   <subfield code="a">FRANKLIN, </subfield>
   <subfield code="h">LeRoy A. </subfield>
  </datafield>
 </record>
</collection>
